Requesting the President to issue a proclamation designating May 30, Memorial Day, as a day for a nation-wide prayer for peace.

Bibliographic Details
Corporate Authors: United States. Congress. Senate. Committee on the Judiciary, ProQuest (Firm)
Format: eBook
Language:English
Published: Washington : [publisher not identified], 1950.
Series:United States congressional serial set.
Subjects:
Online Access:Connect to the full text of this electronic book

MARC

Tag First Indicator Second Indicator Subfields
LEADER 00000cam a22000001a 4500
001 in00003083338
005 20190403182131.0
006 m o d
007 cr un mmmapmmp
008 080407s1950 dcu o f000 0 eng d
035 |a cis2004233393 
040 |a UMI  |c UMI  |d UtOrBLW 
043 |a n-us--- 
099 |a ProQuest Serial Set Number 11368 S.rp.1496 
110 1 |a United States.  |b Congress.  |b Senate.  |b Committee on the Judiciary. 
245 1 0 |a Requesting the President to issue a proclamation designating May 30, Memorial Day, as a day for a nation-wide prayer for peace. 
246 1 |a Designating Memorial Day, 1950, as day for Nation-wide prayer for peace 
264 1 |a Washington :  |b [publisher not identified],  |c 1950. 
300 |a 1 online resource. 
336 |a text  |b txt  |2 rdacontent 
337 |a computer  |b c  |2 rdamedia 
338 |a online resource  |b cr  |2 rdacarrier 
490 0 |a S.rp.1496 
500 |a Record is based on bibliographic data in ProQuest U.S. Serial Set Digital Collection (last viewed Apr. 2008). Reuse except for individual research requires license from ProQuest, LLC. 
510 3 |a ProQuest U.S. Serial Set Digital Collection 
500 |a Electronic resource. 
650 0 |a Holidays. 
650 0 |a Memorial Day. 
650 0 |a Religions. 
655 7 |a Electronic books.  |2 local 
710 2 |a ProQuest (Firm) 
830 0 |a United States congressional serial set. 
856 4 0 |u http://proxy.library.tamu.edu/login?url=http://congressional.proquest.com/congcomp/getdoc?SERIAL-SET-ID=11368+S.rp.1496  |z Connect to the full text of this electronic book  |t 0 
999 |a MARS 
999 f f |s 48b9a8ce-29c8-3232-839c-c235a5f06fa4  |i 9fdb69b7-eba1-3a20-a58c-8ee1e6ac2f06  |t 0 
952 f f |a Texas A&M University  |b College Station  |c Electronic Resources  |d Available Online  |t 0  |e ProQuest Serial Set Number 11368 S.rp.1496  |h Other scheme 
998 f f |a ProQuest Serial Set Number 11368 S.rp.1496  |t 0  |l Available Online